Madrid–Barajas Airport Destinations (Madrid, Spain) - Statistics

General Stats
  • This quiz has been taken 548 times
    183 since last reset
  • The average score is 173 of 240
Answer Stats
Airline Destination % Correct
Air Europa/Iberia/Veuling Barcelona
98%
Air Europa/American Airlines/Delta Air Lines/Iberia New York (JFK)
97%
Egyptair/Iberia/Iberojet Cairo
96%
British Airways London (City)
96%
Air Europa/easyJet/Iberia/Iberia Express London (Gatwick)
96%
British Airways/Iberia London (Heathrow)
96%
easyJet/Wizz Air London (Luton)
96%
Ryanair London (Stansted)
96%
Iberia/Norwegian Air Shuttle Oslo
96%
Iberia/LATAM Chile Santiago de Chile
96%
Iberia Express Santiago de Compostela
96%
Cubana de Aviacion/Iberojet Santiago de Cuba
96%
Air Europa Santiago de los Caballeros
96%
Etihad Airways Abu Dhabi
95%
Air Europa/Iberia/KLM Amsterdam
95%
Emirates Dubai (International)
95%
Air Europa/easyJet/Iberia/Ryanair/TAP Air Portugal Lisbon
95%
Air China Beijing (Capital)
94%
Iberia/Ryanair Berlin
94%
Air Europa/Avianca/Iberia/Plus Ultra Líneas Aéreas Bogotá
94%
Ryanair/TAROM/Wizz Air Bucharest (Otopeni)
94%
Iberia Express/Norwegian Air Shuttle/Ryanair/Scandinavian Airlines Copenhagen
94%
Aer Lingus/Iberia Express/Ryanair Dublin
94%
Finnair Helsinki
94%
Air Europa/Turkish Airlines Istanbul
94%
Pegasus Airlines Istanbul (Sabiha Gökçen)
94%
Aeroméxico/Iberia Mexico City
94%
Air Europa/American Airlines/Iberia Miami
94%
Air France/Iberia/Iberia Express/World2Fly Paris (Charles de Gaulle)
94%
Air Europa/Iberia/Transavia Paris (Orly)
94%
Air Europa/easyJet/Iberia/Ryanair Porto
94%
Iberia Rio de Janeiro (Galeão)
94%
Aerolíneas Argentinas/Air Europa/Iberia/Plus Ultra Líneas Aéreas Buenos Aires (Ezeiza)
93%
American Airlines/Iberia Chicago (O'Hare)
93%
Iberia/Qatar Airways Doha
93%
easyJet/Iberia Express/Ryanair Manchester
93%
Air Europa/Iberia/Iberia Express/Ryanair Palma de Mallorca
93%
Air Europa/Iberia/ITA Airways/Ryanair/Vueling/Wizz Air Rome (Fiumicino)
93%
Iberia/Ryanair Vienna
93%
Air Europa/Iberia/Swiss International Air Lines Zürich
93%
Air Europa/Brussels Airlines/Iberia/Ryanair Brussels
92%
Air Europa/Iberia/Lufthansa Frankfurt
92%
Air Europa/Iberia/Iberia Express/Ryanair/Vueling Ibiza
92%
Air Europa/Iberia/LATAM Perú/Plus Ultra Líneas Aéreas Lima
92%
Air Europa/Iberia/Lufthansa Munich
92%
Air China/Air Europa/Iberia/LATAM Brasil São Paulo (Guarulhos)
92%
Air Canada Toronto (Pearson)
92%
Air Algérie/Iberia Algiers
91%
Aegean Airlines/Air Europa/Iberia/Sky Express/World2Fly Athens
91%
Air Serbia/Wizz Air Belgrade
91%
Iberia/Ryanair Marseille
91%
Iberia Milan (Linate)
91%
Air Europa/Iberia/Ryanair/Wizz Air Milan (Malpensa)
91%
Bulgaria Air/Ryanair/Wizz Air Sofia
91%
Air Europa/Iberia/Ryanair/Wizz Air Venice
91%
Ethiopian Airlines Addis Ababa
90%
AJet Ankara
90%
Delta Air Lines/Iberia/JetBlue Boston
90%
Iberia Los Angeles
90%
Iberia Stockholm (Arlanda)
90%
Iberia/Ryanair/Wizz Air Budapest
89%
Saudia Riyadh
89%
Korean Air Seoul (Incheon)
89%
Iberia/Iberia Express Seville
89%
Croatia Airlines/Iberia Zagreb
89%
Royal Jordanian/Ryanair Amman (Queen Alia)
88%
American Airlines/Iberia Dallas/Fort Worth
88%
easyJet/Iberia/Swiss International Air Lines Geneva
88%
Kuwait Airways Kuwait City
88%
Air Canada/Air Transat Montréal (Trudeau)
88%
airBaltic Riga
88%
AlbaStar Sal
88%
LOT Polish Airlines/Wizz Air Warsaw (Chopin)
88%
Ryanair Warsaw (Modlin)
88%
Air Europa/Iberojet/World2Fly Cancún
87%
Aerolíneas Estelar/Air Europa/Conviasa/Iberia/LASER Airlines/Plus Ultra Líneas Aéreas Caracas
87%
Air Arabia/Iberia/Royal Air Maroc Casablanca
87%
easyJet/Iberia/Iberia Express/Volotea Lyon
87%
easyJet/Iberia/Iberia Express Nice
87%
Air Europa/El Al/Iberia Express Tel Aviv
87%
Air Europa/Binter Canarias/Iberia Express Tenerife (North)
87%
Iberia Express/Ryanair Tenerife (South)
87%
Air Europa/Nouvelair/Tunisair Tunis
87%
Delta Air Lines Atlanta
86%
Air Europa/Iberia Bilbao
86%
Cathay Pacific Hong Kong
86%
Iberia Express/Ryanair/Vueling Naples
86%
Iberia San Francisco
86%
China Eastern Airlines Shanghai (Pudong)
86%
Iberia Tokyo (Narita)
86%
Iberia/Ryanair/Volotea Bordeaux
85%
easyJet/Iberia Express/Ryanair Edinburgh
85%
Iberia Hamburg
85%
Saudia Jeddah
85%
Ryanair Kraków
85%
Air Europa/Iberia/Iberia Express Málaga
85%
KM Malta Airlines/Ryanair Malta
85%
Air Europa/Iberia Valencia
85%
Air China/Air Europa/Cubana de Aviación/Iberia/Iberojet/World2Fly Havana
84%
American Airlines Philadelphia
84%
Royal Air Maroc/Ryanair Rabat
84%
Iberia/United Airlines Washington (Dulles)
84%
Ryanair Birmingham
83%
Iberia/Vueling Florence
83%
Iberia/Ryanair/Smartwings Prague
83%
Iberia/Ryanair Turin
83%
Iberia Düsseldorf
82%
Air Europa/Binter Canarias/Iberia/Iberia Express/Ryanair Gran Canaria
82%
easyJet Basel/Mulhouse
81%
Luxair/Ryanair Luxembourg
81%
Air Europa/Iberia/Ryanair Marrakesh
81%
Air Europa/Avianca Medellín (JMC)
81%
Aeroméxico Monterrey
81%
Iberia/Ryanair Palermo
81%
Air Europa/Iberia Quito
81%
Iberia/Iberojet San José (CR)
81%
Iberojet San José del Cabo
81%
Iberia/Volotea Toulouse
81%
Ryanair Liverpool
80%
United Airlines Newark
80%
Iberia/Wizz Air Tirana
80%
Air Europa/Iberia Alicante
79%
Iberia/Ryanair Bari
79%
Middle East Airlines Beirut
79%
Aeroméxico Guadalajara
79%
Pegasus Airlines/SunExpress İzmir
79%
China Southern Airlines Guangzhou
78%
easyJet/Iberia/Iberia Express/Volotea Nantes
78%
Iberia/Iberojet Orlando
78%
Iberia/Ryanair Faro
77%
Iberia/Iberia Express/Ryanair/Veuling Menorca
77%
Air Europa/Iberia Montevideo
77%
Air Cairo/Egyptair/Iberia/Iberojet Luxor
76%
Iberia/Ryanair Bologna
75%
Iberia Express/Icelandair/Play Reykjavík
75%
Iberia Split
75%
TAAC Angola Airlines Luanda
74%
Air Europa/Iberia/World2Fly Santo Domingo (Las Américas)
74%
Iberia Express Stuttgart
74%
American Airlines Charlotte
73%
Air Europa/Iberia Panama City (Tocumen)
73%
Iberia Bergen
71%
easyJet/Ryanair Bristol
70%
Avianca/World2Fly Cali
70%
Iberia/Ryanair Catania
70%
FlyOne Chișinău
70%
Iberia/Iberojet Dakar (Diass)
70%
Iberojet Bangkok (Suvarnabhumi)
69%
Iberia Dubrovnik
69%
Wizz Air Gdańsk
69%
Iberia Guatemala City
69%
Air Europa/Iberia Guayaquil
69%
Iberia San Salvador
69%
Hainan Airlines Shenzhen
69%
Air Arabia/Iberia/Royal Air Maroc/Ryanair Tangier
69%
Uzbekistan Airways/World2Fly Tashkent
69%
Air Europa/Iberia A Coruña
68%
Ryanair Fès
68%
Air Europa Asunción
67%
Wizz Air Skopje
67%
Air Europa Cordoba (AR)
66%
Air Europa/Iberia Express/Ryanair Lanzarote
66%
Air Europa/Iberojet/World2Fly Punta Cana
66%
Iberia Express Fuerteventura
65%
Iberia Funchal
65%
Iberia Ljubljana
64%
Ryanair Pisa
64%
Iberia Express Santorini
64%
Air Europa/Iberia Vigo
64%
Wizz Air Wrocław
64%
Wizz Air Cluj-Napoca
62%
Iberia Strasbourg
62%
Ryanair Agadir
61%
Iberia Granada
61%
Ryanair Bergamo
60%
Iberia/Ryanair Cagliari
60%
Iberojet Tegucigalpa/Comayagua
60%
Ryanair/Volotea Verona
60%
Wizz Air Katowice
59%
Iberia San Sebastián
59%
Air Europa/Boliviana de Aviación Santa Cruz de la Sierra (Viru Viru)
59%
Azul Brazilian Airlines/Iberia Recife
58%
Iberia San Juan
58%
Plus Ultra Líneas Aéreas Cartagena
57%
Hainan Airlines Chongqing
57%
Iberia Innsbruck
57%
Iberia Express Mykonos
57%
Iberia Corfu
56%
Iberia Santander
56%
Air Cairo Sharm El Sheikh
56%
Iberia Almería
55%
Ryanair Eindhoven
55%
Transavia Montpellier
54%
Iberia Express La Palma
52%
Iberia/Volotea Olbia
52%
Iberia Tromsø
52%
Iberia Fortaleza
51%
Air Europa Salvador da Bahia
50%
Beijing Capital Airlines Hangzhou
48%
Iberia Ponta Delgada
48%
Wizz Air Iași
44%
Iberia Jerez de la Frontera
44%
Ryanair Shannon
44%
Wizz Air Timișoara
44%
Iberia Asturias
43%
Ryanair Brindisi
43%
Ryanair Beauvais
42%
Ryanair Charleroi
42%
Plus Ultra Líneas Aéreas/World2Fly Malabo
42%
Iberia Pamplona
42%
Iberia Melilla
41%
Air Europa San Pedro Sula
41%
Iberia Rovaniemi
40%
Boliviana de Aviación Cochabamba
39%
Ryanair Alghero
38%
Ryanair Kaunas
38%
Iberojet Boa Vista
33%
Iberia Badajoz
32%
Ryanair Lamezia Terme
32%
Azul Brazilian Airlines Campinas
31%
Iberia Castellón
31%
Volotea Vitoria
31%
China Eastern Airlines Wenzhou
31%
Iberia Andorra/La Seu d'Urgell
30%
Air Cairo Aswan
30%
Iberojet/World2Fly Mauritius
30%
Iberia/Royal Air Maroc/Ryanair Nador
30%
World2Fly Zanzibar
30%
Dan Air Bacău
29%
World2Fly La Romana
29%
Ryanair Treviso
27%
Ryanair Tétouan
26%
Uzbekistan Airways/World2Fly Urgench
25%
Wizz Air Craiova
24%
Wizz Air Kutaisi
23%
Ryanair Essaouira
20%
Wizz Air Sibiu
19%
Iberia Logroño
14%
Iberojet Santa Clara
12%
Ryanair Dakhla
10%
No matching quizzes found
Score Distribution
Percent of People with Each Score
Percentile by Number Answered
Your Score History
You have not taken this quiz since the last reset